UK National Parks and AONBs (with map) - Statistics

General Stats
  • This quiz has been taken 797 times
    542 since last reset
  • The average score is 31 of 101
Answers on the Map
Answers color-coded by a green-red scale on the quiz's map according to % correct below.
 
Answer Stats
Reference Region % Correct
D Lake District
92%
H Peak District
89%
M Eryri (Snowdonia)
87%
B Dartmoor
82%
C Exmoor
78%
K Bannau Brycheiniog (Brecon Beacons)
76%
J Yorkshire Dales
76%
I South Downs
75%
E New Forest
74%
7 Cotswolds
72%
G North York Moors
72%
A Broads
70%
L Pembrokeshire Coast
68%
F Northumberland
67%
25 Northumberland Coast
67%
49 Cairngorm Mountains
64%
N Cairngorms
64%
O Loch Lomond & The Trossachs
59%
15 Isle of Wight
57%
65 Loch Lomond
56%
35 Anglesey
51%
5 Chilterns
51%
10 Dorset
50%
6 Cornwall
49%
78 Shetland
46%
18 Lincolnshire Wolds
45%
22 Norfolk Coast
45%
37 Gower
44%
59 Jura
44%
31 Suffolk Coast Heaths
44%
28 Shropshire Hills
42%
24 North Pennines
40%
12 Forest of Bowland
39%
34 Wye Valley
39%
48 Ben Nevis and Glen Coe
38%
20 Mendip Hills
38%
19 Malvern Hills
35%
32 Surrey Hills
34%
66 Loch na Keal, Isle of Mull
33%
30 South Devon
33%
17 Kent Downs
31%
26 North Wessex Downs
30%
13 High Weald
29%
27 Quantock Hills
28%
3 Cannock Chase
27%
16 Isles of Scilly
27%
83 Trossachs
27%
39 Antrim Coast and Glens
26%
38 Llyn
25%
23 North Devon Coast
25%
80 South Lewis, Harris and North Uist
25%
11 East Devon
23%
21 Nidderdale
22%
2 Blackdown Hills
21%
8 Cranborne Chase and West Wiltshire Downs
21%
43 Mourne
21%
41 Causeway Coast
20%
29 Solway Coast
20%
9 Dedham Vale
18%
14 Howardian Hills
18%
33 Tamar Valley
18%
4 Chichester Harbour
17%
36 Clwydian Range
16%
73 North Arran
16%
64 Kyles of Bute
15%
45 Sperrin
15%
1 Arnside & Silverdale
14%
82 St. Kilda
14%
58 Hoy and West Mainland
12%
79 Small Isles
12%
81 South Uist Machair
11%
46 Strangford and Lecale
11%
76 River Tay: Dunkeld
10%
47 Assynt-Coigach
9%
71 Morar, Moidart and Ardnamurchan
9%
50 Cuillin Hills
8%
51 Deeside and Lochnagar
8%
56 Glen Affric
8%
62 Knoydart
8%
44 Ring of Gullion
8%
84 Trotternish
8%
85 Upper Tweeddale
8%
86 Wester Ross
8%
40 Binevenagh
7%
52 Dornoch Firth
7%
60 Kintail
7%
63 Kyle of Tongue
7%
67 Loch Rannoch and Glen Lyon
7%
74 North West Sutherland
7%
42 Lagan Valley
6%
69 Loch Tummel
6%
53 East Stewartry Coast
5%
54 Eildon and Leaderfoot
5%
61 Knapdale
5%
68 Loch Shiel
5%
72 Nith Estuary
5%
75 River Earn: Comrie to St. Fillans
5%
77 Scarba, Lunga and the Garvellachs
5%
55 Fleet Valley
4%
57 Glen Strathfarrar
4%
70 Lynn of Lorn
4%
No matching quizzes found
Score Distribution
Percent of People with Each Score
Percentile by Number Answered
Your Score History
You have not taken this quiz since the last reset